宮城県の市町村 人口順 - Statistics

General Stats
  • This quiz has been taken 42 times
  • The average score is 26 of 35
Answer Stats
Answer 人口 % Correct
4 名取市 78,965
100%
1 仙台市 1,096,168
97%
2 石巻市 131,806
97%
12 東松島市 37,478
97%
6 多賀城市 62,292
94%
16 白石市 30,253
94%
3 大崎市 121,226
92%
11 岩沼市 43,358
92%
5 登米市 70,709
89%
10 塩竈市 50,458
89%
24 松島町 12,532
89%
33 女川町 6,019
89%
7 栗原市 59,281
86%
8 気仙沼市 56,107
86%
18 角田市 26,247
86%
9 富谷市 51,524
83%
15 亘理町 32,539
81%
26 南三陸町 11,312
75%
35 七ヶ宿町 1,161
75%
14 利府町 35,000
72%
22 七ヶ浜町 17,249
72%
34 大衡村 5,492
72%
27 丸森町 10,894
69%
28 蔵王町 10,663
69%
25 山元町 11,421
67%
19 大河原町 23,351
61%
17 大和町 28,355
56%
20 美里町 22,696
56%
13 柴田町 37,010
53%
23 涌谷町 14,083
53%
30 川崎町 7,710
53%
21 加美町 20,347
50%
29 村田町 9,909
50%
32 色麻町 6,140
50%
31 大郷町 7,384
47%
No matching quizzes found
Score Distribution
Percent of People with Each Score
Percentile by Number Answered
Your Score History
You have not taken this quiz